| 000 | 00537nam a2200193Ia 4500 | ||
|---|---|---|---|
| 003 | OSt | ||
| 005 | 20200806130154.0 | ||
| 008 | 190216s9999||||xx |||||||||||||| ||und|| | ||
| 020 | _a3540780718 | ||
| 040 | _coclc | ||
| 082 |
_a512.7 _bKOB/C |
||
| 100 |
_aKoblitz, Neal _94011 |
||
| 245 | 2 |
_aA Course In Number Theory And Cryptography / _cNeal Koblitz |
|
| 250 | _a2nd Ed. | ||
| 260 |
_bSpringer, _c1994. _aNew York: |
||
| 300 | _a235p | ||
| 650 | _aMathematics | ||
| 942 |
_cBK _2ddc _h512.7 _iKOB/C _k512.7 _mKOB/C |
||
| 999 |
_c31726 _d31726 |
||